| 000 | 00477nam a2200169 a 4500 | ||
|---|---|---|---|
| 001 | 4111 | ||
| 005 | 20140414132004.0 | ||
| 008 | 090202s19uu xx 00 eng d | ||
| 020 | _a978-0-545-06181-0 | ||
| 050 |
_aTR _bT44 2006 |
||
| 100 | _aFore, S.J. | ||
| 245 |
_aTiger can't sleep / _cby S. J. Fore ; illustrated by R. W. Alley. |
||
| 260 |
_aNew York : _bScholastic, _cc2006. |
||
| 300 | _a1 v. (unpaged) : col., ill. ; | ||
| 700 | _aAlley, R.W., ill. | ||
| 999 |
_c113131 _d113131 |
||